00555nam a2200193 a 450000100060000000300080000600500170001400800410003103500200007204000330009204100080012508200220013324500790015526000340023430000200026865000220028865000240031070000270033449334BD-RjUL20211209054651.0160820s1959 ilu 000 0 eng  a(BD-RjUL) 49453 aDLCcCarPdDLCdBD-RjULbeng aeng 223a352bARE 195910aArea and power :ba theory of local government /cBy Arthur Maass [...etl] aGlencoe :bFree Press,cc1959 a224p. ;c23 cm. 0aLocal government. 0aFederal government.10aMaass Arthur [...etl]